<?xml version="1.0" encoding="UTF-8"?>
<record
    xmlns:xsi="http://www.w3.org/2001/XMLSchema-instance"
    xsi:schemaLocation="http://www.loc.gov/MARC21/slim http://www.loc.gov/standards/marcxml/schema/MARC21slim.xsd"
    xmlns="http://www.loc.gov/MARC21/slim">

  <leader>02080cam a22002895a 4500</leader>
  <datafield tag="999" ind1=" " ind2=" ">
    <subfield code="c">27277</subfield>
    <subfield code="d">27248</subfield>
  </datafield>
  <controlfield tag="005">20190327135028.0</controlfield>
  <controlfield tag="008">150729t2017    ne a   frb    001 0 eng d</controlfield>
  <datafield tag="020" ind1=" " ind2=" ">
    <subfield code="z">9780128002773</subfield>
  </datafield>
  <datafield tag="040" ind1=" " ind2=" ">
    <subfield code="a">StDuBDS</subfield>
    <subfield code="b">eng</subfield>
    <subfield code="c">StDuBDS</subfield>
    <subfield code="d">Uk</subfield>
    <subfield code="d">EG-ScBUE</subfield>
    <subfield code="d">EG-ScBUE</subfield>
  </datafield>
  <datafield tag="082" ind1="0" ind2="4">
    <subfield code="a">621.44</subfield>
    <subfield code="b">TOT</subfield>
    <subfield code="2">22</subfield>
  </datafield>
  <datafield tag="100" ind1="1" ind2=" ">
    <subfield code="a">Toth, Aniko.</subfield>
  </datafield>
  <datafield tag="245" ind1="1" ind2="0">
    <subfield code="a">Flow and heat transfer in geothermal systems :</subfield>
    <subfield code="b">basic equations for describing and modeling geothermal phenomena and technologies /</subfield>
    <subfield code="c">Aniko Toth, Elemer Bobok.</subfield>
  </datafield>
  <datafield tag="260" ind1=" " ind2=" ">
    <subfield code="a">Amsterdam :</subfield>
    <subfield code="b">Elsevier Science Publishing,</subfield>
    <subfield code="c">c.2017.</subfield>
  </datafield>
  <datafield tag="300" ind1=" " ind2=" ">
    <subfield code="a">xi, 382 p. :</subfield>
    <subfield code="b">ill. (some col.) ;</subfield>
    <subfield code="c">24 cm.</subfield>
  </datafield>
  <datafield tag="504" ind1=" " ind2=" ">
    <subfield code="a">Includes bibliographical references and index.
</subfield>
  </datafield>
  <datafield tag="520" ind1=" " ind2=" ">
    <subfield code="a">Flow and Heat Transfer in Geothermal Systems: Basic Equations for Description and Modeling Geothermal Phenomena and Technologies is the ideal reference for research in geothermal systems and alternative energy sources. Written for a wide variety of users, including geologists, geophysicists, hydro-geologists, and engineers, it offers a practical framework for the application of heat and flow transport theory. Authored by two of the world&#x2019;s foremost geothermal systems experts, whose combined careers span more than 50 years, this text is a one-stop resource for geothermal system theory and application. It will help geoscientists and engineers navigate the wealth of new research that has emerged on the topic in recent years.

Presents a practical and immediately implementable framework for understanding and applying heat and flow transport theory
Features equations for modelling geothermal phenomena and technologies in full detail
Provides an ideal text for applications in both geophysics and engineering</subfield>
  </datafield>
  <datafield tag="650" ind1=" " ind2="7">
    <subfield code="a">Geothermal engineering.</subfield>
    <subfield code="2">BUEsh</subfield>
    <subfield code="9">28729</subfield>
  </datafield>
  <datafield tag="650" ind1=" " ind2="7">
    <subfield code="a">Fluid dynamics.</subfield>
    <subfield code="2">BUEsh</subfield>
  </datafield>
  <datafield tag="650" ind1=" " ind2="7">
    <subfield code="a">Heat</subfield>
    <subfield code="x">Transmission.</subfield>
    <subfield code="2">BUEsh</subfield>
  </datafield>
  <datafield tag="651" ind1=" " ind2=" ">
    <subfield code="2">BUEsh</subfield>
  </datafield>
  <datafield tag="653" ind1=" " ind2=" ">
    <subfield code="b">EENERGYY</subfield>
    <subfield code="b">ENGPET</subfield>
    <subfield code="c">March2019</subfield>
  </datafield>
  <datafield tag="700" ind1="1" ind2="0">
    <subfield code="a">Bobok, Elemer,</subfield>
    <subfield code="d">1938-</subfield>
  </datafield>
  <datafield tag="776" ind1="0" ind2="8">
    <subfield code="i">Print version :</subfield>
    <subfield code="z">9780128002773</subfield>
  </datafield>
  <datafield tag="942" ind1=" " ind2=" ">
    <subfield code="2">ddc</subfield>
  </datafield>
  <datafield tag="952" ind1=" " ind2=" ">
    <subfield code="0">0</subfield>
    <subfield code="1">0</subfield>
    <subfield code="2">ddc</subfield>
    <subfield code="4">0</subfield>
    <subfield code="7">0</subfield>
    <subfield code="8">Baccah</subfield>
    <subfield code="a">MAIN</subfield>
    <subfield code="b">MAIN</subfield>
    <subfield code="c">1ST</subfield>
    <subfield code="d">2019-03-23</subfield>
    <subfield code="e">Purchase</subfield>
    <subfield code="g">2639.00</subfield>
    <subfield code="h">175</subfield>
    <subfield code="l">0</subfield>
    <subfield code="o">621.44 TOT</subfield>
    <subfield code="p">000043269</subfield>
    <subfield code="r">2025-07-15 00:00:00</subfield>
    <subfield code="v">3298.75</subfield>
    <subfield code="y">BB</subfield>
  </datafield>
</record>
